<?xml version="1.0" encoding="UTF-8"?>
<record
    xmlns:xsi="http://www.w3.org/2001/XMLSchema-instance"
    xsi:schemaLocation="http://www.loc.gov/MARC21/slim http://www.loc.gov/standards/marcxml/schema/MARC21slim.xsd"
    xmlns="http://www.loc.gov/MARC21/slim">

  <leader>02782nam0a22003731  4500</leader>
  <controlfield tag="001">v19\rc\2106504</controlfield>
  <controlfield tag="005">20260408075828.0</controlfield>
  <datafield tag="035" ind1=" " ind2=" ">
    <subfield code="a">(NLR Aleph) 005179126</subfield>
  </datafield>
  <datafield tag="090" ind1=" " ind2=" ">
    <subfield code="a">5121184</subfield>
    <subfield code="c">5121184</subfield>
  </datafield>
  <datafield tag="100" ind1=" " ind2=" ">
    <subfield code="a">20090914d1825    |||y0rusy50      ca</subfield>
  </datafield>
  <datafield tag="101" ind1="0" ind2=" ">
    <subfield code="a">rus</subfield>
  </datafield>
  <datafield tag="102" ind1=" " ind2=" ">
    <subfield code="a">RU</subfield>
  </datafield>
  <datafield tag="135" ind1=" " ind2=" ">
    <subfield code="a">crcn 024anaba</subfield>
  </datafield>
  <datafield tag="140" ind1=" " ind2=" ">
    <subfield code="a">z   y   eda        yaa0000  </subfield>
  </datafield>
  <datafield tag="200" ind1="1" ind2=" ">
    <subfield code="a">&#x41F;&#x43E;&#x43B;&#x43E;&#x436;&#x435;&#x43D;&#x438;&#x435; &#x43E; &#x43A;&#x43E;&#x43B;&#x438;&#x447;&#x435;&#x441;&#x442;&#x432;&#x435; &#x43C;&#x430;&#x442;&#x435;&#x440;&#x438;&#x430;&#x43B;&#x43E;&#x432;, &#x43A;&#x430;&#x43A;&#x43E;&#x435; &#x43D;&#x430;&#x437;&#x43D;&#x430;&#x447;&#x430;&#x442;&#x44C; &#x434;&#x43E;&#x43B;&#x436;&#x43D;&#x43E; &#x43F;&#x440;&#x438; &#x441;&#x43E;&#x441;&#x442;&#x430;&#x432;&#x43B;&#x435;&#x43D;&#x438;&#x438; &#x441;&#x43C;&#x435;&#x442; &#x43D;&#x430; &#x43F;&#x43E;&#x441;&#x442;&#x440;&#x43E;&#x439;&#x43A;&#x443; &#x434;&#x43E;&#x43C;&#x43E;&#x432;.</subfield>
    <subfield code="e">&#x420;&#x430;&#x441;&#x441;&#x43C;&#x43E;&#x442;&#x440;&#x435;&#x43D;&#x43E; &#x432; &#x41A;&#x43E;&#x43C;&#x438;&#x442;&#x435;&#x442;&#x435; &#x433;. &#x433;. &#x43C;&#x438;&#x43D;&#x438;&#x441;&#x442;&#x440;&#x43E;&#x432; &#x432; &#x437;&#x430;&#x441;&#x435;&#x434;&#x430;&#x43D;&#x438;&#x435; 13-&#x433;&#x43E; &#x434;&#x435;&#x43A;&#x430;&#x431;&#x440;&#x44F; 1824 &#x433;&#x43E;&#x434;&#x430;, &#x438; &#x432;&#x44B;&#x441;&#x43E;&#x447;&#x430;&#x439;&#x448;&#x435; &#x443;&#x442;&#x432;&#x435;&#x440;&#x436;&#x434;&#x435;&#x43D;&#x43E; 15-&#x433;&#x43E; &#x433;&#x435;&#x43D;&#x432;&#x430;&#x440;&#x44F; 1825 &#x433;&#x43E;&#x434;&#x430;</subfield>
  </datafield>
  <datafield tag="210" ind1=" " ind2=" ">
    <subfield code="a">&#x421;.&#x41F;&#x435;&#x442;&#x435;&#x440;&#x431;&#x443;&#x440;&#x433;</subfield>
    <subfield code="c">&#x43F;&#x435;&#x447;&#x430;&#x442;&#x430;&#x43D;&#x43E; &#x432; &#x442;&#x438;&#x43F;&#x43E;&#x433;&#x440;&#x430;&#x444;&#x438;&#x438; &#x428;&#x442;&#x430;&#x431;&#x430; &#x432;&#x43E;&#x435;&#x43D;&#x43D;&#x44B;&#x445; &#x43F;&#x43E;&#x441;&#x435;&#x43B;&#x435;&#x43D;&#x438;&#x439;</subfield>
    <subfield code="d">1825</subfield>
  </datafield>
  <datafield tag="215" ind1=" " ind2=" ">
    <subfield code="a">[6], 103, [1] &#x441;., [3] &#x43B;. &#x447;&#x435;&#x440;&#x442;.</subfield>
    <subfield code="d">4&#xB0;</subfield>
  </datafield>
  <datafield tag="316" ind1=" " ind2=" ">
    <subfield code="a">&#x42D;&#x43A;&#x437;. &#x420;&#x41D;&#x411; (18.123.7.39) &#x432; &#x441;&#x43E;&#x441;&#x442;. &#x43A;&#x430;&#x440;&#x442;&#x43E;&#x43D;. &#x43F;&#x435;&#x440;., &#x43E;&#x43A;&#x43B;&#x435;&#x435;&#x43D;. &#x43C;&#x440;&#x430;&#x43C;&#x43E;&#x440;. &#x431;&#x443;&#x43C;&#x430;&#x433;&#x43E;&#x439;, &#x441; &#x43A;&#x43E;&#x436;&#x430;&#x43D;. &#x43A;&#x43E;&#x440;&#x435;&#x448;&#x43A;&#x43E;&#x43C; &#x438; &#x443;&#x433;&#x43E;&#x43B;&#x43A;&#x430;&#x43C;&#x438;. &#x41E;&#x431;&#x440;&#x435;&#x437; &#x43A;&#x440;&#x430;&#x43F;&#x447;&#x430;&#x442;&#x44B;&#x439; &#x441;&#x438;&#x43D;&#x438;&#x439;. &#x41D;&#x430; &#x43A;&#x43E;&#x440;&#x435;&#x448;&#x43A;&#x435; &#x431;&#x43B;&#x438;&#x43D;&#x442;&#x43E;&#x432;&#x43E;&#x435; &#x442;&#x438;&#x441;&#x43D;&#x435;&#x43D;&#x438;&#x435; &#x441; &#x43F;&#x43E;&#x437;&#x43E;&#x43B;&#x43E;&#x442;&#x43E;&#x439;, &#x447;&#x435;&#x440;&#x43D;&#x430;&#x44F; &#x43A;&#x43E;&#x436;&#x430;&#x43D;. &#x43D;&#x430;&#x43A;&#x43B;&#x435;&#x439;&#x43A;&#x430; &#x441; &#x432;&#x44B;&#x442;&#x438;&#x441;&#x43D;. &#x437;&#x43E;&#x43B;&#x43E;&#x442;&#x43E;&#x43C; &#x437;&#x430;&#x433;&#x43B;. &#x438; &#x431;&#x443;&#x43C;&#x430;&#x436;. &#x43D;&#x430;&#x43A;&#x43B;&#x435;&#x439;&#x43A;&#x430;. &#x41D;&#x430; &#x43D;&#x438;&#x436;&#x43D;&#x435;&#x439; &#x43A;&#x440;&#x44B;&#x448;&#x43A;&#x435; &#x43F;&#x435;&#x440;. &#x44D;&#x43A;&#x441;&#x43B;&#x438;&#x431;&#x440;&#x438;&#x441; &#x413;&#x41F;&#x411; &#x441; &#x448;&#x438;&#x444;&#x440;&#x43E;&#x43C;. &#x41D;&#x430; &#x444;&#x43E;&#x440;&#x437;&#x430;&#x446;&#x435; &#x44F;&#x440;&#x43B;&#x44B;&#x43A; &#x441; &#x448;&#x438;&#x444;&#x440;&#x43E;&#x43C; &#x420;&#x41D;&#x411; &#x438; &#x440;&#x443;&#x43A;&#x43E;&#x43F;. &#x43D;&#x430;&#x434;&#x43F;&#x438;&#x441;&#x44C; &#x431;&#x438;&#x431;&#x43B;&#x438;&#x43E;&#x433;&#x440;. &#x445;&#x430;&#x440;&#x430;&#x43A;&#x442;&#x435;&#x440;&#x430;. &#x41D;&#x430; &#x442;&#x438;&#x442;. &#x43B;., &#x441;.33, [1] 2-&#x433;&#x43E; &#x440;&#x44F;&#x434;&#x430; &#x438; &#x43D;&#x430; &#x43E;&#x431;&#x43E;&#x440;&#x43E;&#x442;&#x435; &#x43A;&#x430;&#x436;&#x434;&#x43E;&#x433;&#x43E; &#x43B;. &#x447;&#x435;&#x440;&#x442;. &#x43A;&#x440;&#x443;&#x433;&#x43B;&#x44B;&#x439; &#x448;&#x442;&#x430;&#x43C;&#x43F; &#x413;&#x41F;&#x411;. &#x420;&#x430;&#x437;&#x43C;&#x435;&#x440;: 25,0&#x445;20,5&#x445;1,7 &#x441;&#x43C;</subfield>
    <subfield code="5">NLR: 18.123.7.39</subfield>
  </datafield>
  <datafield tag="325" ind1=" " ind2=" ">
    <subfield code="a">&#x41A;&#x43E;&#x43F;&#x438;&#x44F; &#x434;&#x43E;&#x441;&#x442;&#x443;&#x43F;&#x43D;&#x430; &#x432; &#x42D;&#x43B;&#x435;&#x43A;&#x442;&#x440;&#x43E;&#x43D;. &#x431;-&#x43A;&#x435; &#x420;&#x41D;&#x411;</subfield>
  </datafield>
  <datafield tag="620" ind1=" " ind2=" ">
    <subfield code="a">&#x421;&#x430;&#x43D;&#x43A;&#x442;-&#x41F;&#x435;&#x442;&#x435;&#x440;&#x431;&#x443;&#x440;&#x433;</subfield>
  </datafield>
  <datafield tag="712" ind1="0" ind2="1">
    <subfield code="a">&#x420;&#x43E;&#x441;&#x441;&#x438;&#x44F;</subfield>
    <subfield code="b">&#x41A;&#x43E;&#x43C;&#x438;&#x442;&#x435;&#x442; &#x43C;&#x438;&#x43D;&#x438;&#x441;&#x442;&#x440;&#x43E;&#x432;</subfield>
    <subfield code="3">RU\NLR\AUTH\8810082470</subfield>
    <subfield code="9">667100</subfield>
  </datafield>
  <datafield tag="712" ind1="0" ind2="1">
    <subfield code="4">610</subfield>
    <subfield code="a">&#x420;&#x43E;&#x441;&#x441;&#x438;&#x44F;</subfield>
    <subfield code="b">&#x428;&#x442;&#x430;&#x431; &#x432;&#x43E;&#x435;&#x43D;&#x43D;&#x44B;&#x445; &#x43F;&#x43E;&#x441;&#x435;&#x43B;&#x435;&#x43D;&#x438;&#x439;</subfield>
    <subfield code="b">&#x422;&#x438;&#x43F;&#x43E;&#x433;&#x440;&#x430;&#x444;&#x438;&#x44F;</subfield>
    <subfield code="9">789988</subfield>
    <subfield code="3">RU\NLR\AUTH\880561394</subfield>
  </datafield>
  <datafield tag="801" ind1=" " ind2="0">
    <subfield code="a">RU</subfield>
    <subfield code="b">NLR</subfield>
    <subfield code="g">psbo</subfield>
  </datafield>
  <datafield tag="801" ind1=" " ind2="1">
    <subfield code="a">RU</subfield>
    <subfield code="b">ProSoft-M</subfield>
    <subfield code="2">rusmarc</subfield>
  </datafield>
  <datafield tag="852" ind1=" " ind2=" ">
    <subfield code="a">NLR</subfield>
    <subfield code="j">18.123.7.39</subfield>
  </datafield>
  <datafield tag="852" ind1=" " ind2=" ">
    <subfield code="a">NLR</subfield>
    <subfield code="j">127/105</subfield>
  </datafield>
  <datafield tag="942" ind1=" " ind2=" ">
    <subfield code="c">BOOK</subfield>
  </datafield>
  <datafield tag="980" ind1=" " ind2=" ">
    <subfield code="a">NB</subfield>
  </datafield>
  <datafield tag="981" ind1="2" ind2="2">
    <subfield code="a">(22) &#x41C;&#x430;&#x442;&#x435;&#x440;&#x438;&#x430;&#x43B;&#x44B; &#x43F;&#x43E; &#x438;&#x441;&#x442;&#x43E;&#x440;&#x438;&#x438; &#x420;&#x43E;&#x441;&#x441;&#x438;&#x438;</subfield>
    <subfield code="b">(22) &#x418;&#x441;&#x442;&#x43E;&#x440;&#x438;&#x44F; &#x420;&#x43E;&#x441;&#x441;&#x438;&#x438; &#x434;&#x43E; 25 &#x43E;&#x43A;&#x442;&#x44F;&#x431;&#x440;&#x44F; (7 &#x43D;&#x43E;&#x44F;&#x431;&#x440;&#x44F;) 1917 &#x433;&#x43E;&#x434;&#x430;</subfield>
  </datafield>
  <datafield tag="981" ind1="2" ind2="0">
    <subfield code="a">(20) &#x41A;&#x43D;&#x438;&#x436;&#x43D;&#x44B;&#x435; &#x43F;&#x430;&#x43C;&#x44F;&#x442;&#x43D;&#x438;&#x43A;&#x438; &#x420;&#x41D;&#x411;</subfield>
    <subfield code="b">(20) &#x420;&#x443;&#x441;&#x441;&#x43A;&#x438;&#x439; &#x43A;&#x43D;&#x438;&#x436;&#x43D;&#x44B;&#x439; &#x444;&#x43E;&#x43D;&#x434;</subfield>
  </datafield>
  <datafield tag="995" ind1=" " ind2=" ">
    <subfield code="5">2013-10-26</subfield>
    <subfield code="b">NLR02</subfield>
    <subfield code="c">NLR02</subfield>
    <subfield code="e">RFS</subfield>
    <subfield code="f">5179126-10</subfield>
    <subfield code="k">18.123.7.39</subfield>
    <subfield code="o">0</subfield>
    <subfield code="r">BOOK</subfield>
    <subfield code="s">18123739_</subfield>
  </datafield>
  <datafield tag="995" ind1=" " ind2=" ">
    <subfield code="5">2013-10-26</subfield>
    <subfield code="b">NLR02</subfield>
    <subfield code="c">NLR02</subfield>
    <subfield code="e">RFS</subfield>
    <subfield code="f">5179126-20</subfield>
    <subfield code="k">127/105</subfield>
    <subfield code="o">0</subfield>
    <subfield code="r">BOOK</subfield>
    <subfield code="s">127105_</subfield>
  </datafield>
</record>
